000 01090cam a22003377a 4500
003 CHAP
005 20220817041359.0
008 971013s1985 r 00010 d
010 _a12785
011 _a13757
035 _a17829
040 _cCHAP
090 _aFolleto 9350
100 0 0 _aCasado Cimiano, Pedro.
_919726
245 1 3 _aEl sabor como factor de calidad de la leche
260 _aMadrid :
_bMInisterio de Agricultura, Pesca y Alimentación,
_c1985
300 _a20 p.
_b: ilus.
490 0 _aHojas divulgadoras
_v; 3/85
590 _aBATCH-UPD
_b10
_c20130110
_lUCH01
_h2058
590 _aBATCH-UPD
_b10
_c20130410
_lUCH01
_h1411
590 _aBATCH-UPD
_b10
_c20130914
_lUCH01
_h1829
590 _aCONVERSION
_b10
_c20130109
_lUCH01
_h1308
650 1 4 _aAlimentos
_xSabor.
_94279
650 1 4 _aLeche
_xCalidad.
_965362
700 0 _aGarcía Alvarez, Juan A.
_945707
830 0 _aHojas divulgadoras
_v; 3/85
901 _aBK
942 _cFOLL
949 _aFolleto 9350
_bBC
_cFOLL
_d-41796
_eTS1
_i17829
_mD
_si
949 _aFolleto 9350
_bBC
_cFOLL
_d-41797
_eTS2
_fc.2
_i17829
_mD
_si
999 _c12785
_d12785